Complex Differential Geometry and Supermanifolds in Strings and Fields: Proceedings of the Seventh Scheveningen Conference, Scheveningen, The Netherlands, August 23-28, 1987

Bibliografiske detaljer
Hovedforfatter: Bongaarts P.J. M.
Institution som forfatter: Complex Differential Geometry and Supermanifolds in Strings and Fields Conference
Andre forfattere: Martin R.
Sprog:engelsk
Udgivet: Berlin, Springer-Verlag, 1988
Serier:Lecture Notes in Physics
Fag:
Format: MixedMaterials Bog
KOHA link:https://koha.lib.tpu.ru/cgi-bin/koha/opac-detail.pl?biblionumber=192759

MARC

LEADER 00000nam0a2200000 4500
001 192759
005 20231031181454.0
010 |a 3540503242 
035 |a (RuTPU)RU\TPU\book\210186 
090 |a 192759 
100 |a 20110309d1988 m y0rusy50 ca 
101 0 |a eng 
102 |a DE 
105 |a y z 100zy 
200 1 |a Complex Differential Geometry and Supermanifolds in Strings and Fields  |e Proceedings of the Seventh Scheveningen Conference, Scheveningen, The Netherlands, August 23-28, 1987  |f P.J. M. Bongaarts, R. Martin 
210 |a Berlin  |c Springer-Verlag  |d 1988 
215 |a 254 с. 
225 1 |a Lecture Notes in Physics 
610 1 |a физика 
610 1 |a математическая физика 
610 1 |a теория поля 
610 1 |a квантовые поля 
610 1 |a супермногообразия 
610 1 |a дифференциальная геометрия 
610 1 |a научные труды 
610 1 |a конференции 
610 1 |a Берлин 
610 1 |a английский язык 
675 |a 53(063)  |v 3 
700 1 |a Bongaarts  |b P.J. M. 
701 1 |a Martin  |b R. 
712 1 2 |a Complex Differential Geometry and Supermanifolds in Strings and Fields  |b Conference  |d 17  |e Neherlands  |f 1987 
801 1 |a RU  |b 63413507  |c 20110309 
801 2 |a RU  |b 63413507  |c 20110321  |g RCR 
942 |c BK